000 00495nam a2200145Ia 4500
008 151213s9999 xx 000 0 und d
100 _aশ্রীশচন্দ্র দাশ।
245 _aসাহিত্য - সন্দর্শন।
_cশ্রীশচন্দ্র দাশ।
260 _aকলিকাতা
_c1957
300 _a8512 p.
650 _aBangla
650 _aBengali Literature
700 _aশ্রীশচন্দ্র দাশ।
999 _c4349
_d4349